The logic of casual order

Αποθηκεύτηκε σε:
Λεπτομέρειες βιβλιογραφικής εγγραφής
Κύριος συγγραφέας: Davis, James Allan 1929-
Μορφή: Βιβλίο
Γλώσσα:English
Δημοσίευση: Newbury Park : Sage Publications, c1985
Σειρά:Sage university papers series. Quantitative applications in the social sciences ; ; 55
Θέματα:
Ετικέτες: Προσθήκη ετικέτας
Δεν υπάρχουν, Καταχωρήστε ετικέτα πρώτοι!

MARC

LEADER 00000nam a2200000 i 4500
001 1/18804
008 981022s1985 eng d
020 |a 0-8039-2553-0 
035 |l 10021041 
040 |a GR-MY-UA  |b gre  |e aacr 
041 0 |a eng 
082 0 |a 300.15195 
100 1 |a Davis, James Allan  |d 1929- 
245 1 4 |a The logic of casual order /  |c James A. Davis 
260 |a Newbury Park :   |b Sage Publications,   |c c1985 
300 |a 71 p. 
490 1 |a Sage university papers series. Quantitative applications in the social sciences  |v ; 55 
504 |a Bibliography: p. 71 
650 0 0 |a Social sciences  |x Statistical methods. 
830 0 |a Sage university papers series. Quantitative applications in the social sciences ;  |v ; 55 
852 |a INST  |b LESVOS  |e 19981022  |h 300.15195 DAV  |p 005100018449  |q 005100018449  |t BK  |y 0 
901 |a BIBL-1999-1 
909 |a Λ  |b 059469 
922 |a 1ΕΛΗ  |b 199809  |c ΚΠΣ/ΤΓ  |d ΠΑΠΑΣΩΤΗΡΙΟΥ 
950 |a 118-1998-07-23